000 00702nam a2200205 a 4500
005 20230315063735.0
008 160502s2009 mx r 000 0 spa d
020 _a9788467479690
035 _aUPN01000209978
049 _aI
050 4 _aQB631.4
_bP5.26
245 0 3 _aEl planeta tierra :
_baprende sobre nuestro mundo /
_ced. Rebecca Gerlings ; tr. Marisa Rodríguez.
260 _aMéxico :
_bPlaneta DeAgostini,
_c2009.
300 _a30 p. :
_bil. col.
440 0 _aBiblioteca de consulta estudiantil.
_pPara saber más
534 _pTítulo original :
_tPlanet earth
650 4 _aTierra (Planeta)
_vLiteratura infantil
_911234
700 1 _aGerlings, Rebecca,
_eed.
_939271
905 _aInfantil
999 _c182079
_d182079